000 01466nam a2200313 a 4500
001 000012162
003 DO-SdBNP
005 20240412074230.0
007 ta
008 091106s1995 dr r 000 j spa d
040 _aDO-SdBNP
_bspa
_cBNPHU
082 4 _aRD863.44
_bJ61u
_222
100 1 _aJiménez Espino, Rafael,
_d1943-
_928746
245 1 3 _aEl último tren de Sánchez :
_bcuentos y vivencias de mi pueblo /
_cRafael Jiménez Espino (Persio) ; prólogo Esteban Michelena.
260 _aSanto Domingo :
_bBanco de Reservas de la República Dominicana,
_c1995.
300 _a180 p. ;
_c23 cm.
490 1 _aArte y cultura ;
_v1
500 _aIncluye datos biográficos del autor en las solapas de las cubiertas.
500 _aEsta colección es un programa cultural de la Dirección de Relaciones Públicas y Difusión.
505 _aPrólogo.
_tI. El Matrimonio.--
_tII. El General Alcántara.--
_tIII. El Tío Luis.--
_tIV. Don Rafael.--
_tV. Sacarías y Doña Martha.--
_tVI. doña Chela.--
_tVII. La Virgen de la Fuente.--
_tVIII. Persio (el brujo más grande del pueblo).
590 _aInventariado, 2018/BT
650 0 _aCuentos dominicanos
_9176
650 0 _aLiteratura dominicana.
_967
651 4 _aSanta Bárbara de Samaná (República Dominicana)
_xHistoria local
_928747
700 1 _aMichelena, Esteban,
_eprólogo
_928748
830 0 _aBanreservas
_99258
_pArte y cultura ;
_n1
910 _aValidado. Control de calidad. EMS
942 _2ddc
_cLBS1
999 _c11827
_d11827